Les 2èmes plus grandes villes des pays majeurs d'Amérique - Statistiques

Statistiques générales
  • Ce quiz a été pris 53 fois
  • Le résultat moyen est 6 sur 15
Statistiques - réponses
Pays 2ème plus grande ville % Correct
Brésil Rio de Janeiro
100%
États-Unis Los Angeles
98%
Canada Montréal
92%
Colombie Medellin
67%
Mexique Monterrey
49%
Équateur Quito
33%
Argentine Cordoba
27%
Venezuela Maracaibo
24%
Chili Valparaiso
24%
Cuba Santiago de Cuba
22%
Perou Arequipa
12%
Bolivie El Alto
8%
Paraguay Ciudad del Este
6%
Uruguay Salto
4%
Honduras San Pedro Sula
2%
Aucun quiz correspondant
Distribution des résultats
% des personnes avec chaque résultat
Percentile par nombre de réponses
Votre historique - résultats
Vous n’avez pas pris ce quiz